000 01027cam a2200325 a 4500
001 2370225
003 ARRUPE
005 20150908090921.0
008 841003s1985 nyu b 000 0 eng
010 _a 84045151
020 _a0801416639
020 _a0801493307 (pbk.)
040 _aDLC
_cDLC
_dDLC
041 1 _aengfre
050 0 0 _aHQ1154
_b.I7413 1985
082 0 0 _a155.3/33
_219
100 1 _aIrigaray, Luce.
_914724
245 1 0 _aSpeculum of the other woman /
_cLuce Irigaray ; translated by Gillian C. Gill.
260 _aIthaca, N.Y. :
_bCornell University Press,
_c1985.
300 _a365 p. ;
_c23 cm.
500 _aTranslation of: Speculum de l'autre femme.
504 _aIncludes bibliographical references.
650 0 _aFeminism.
_99992
650 0 _aWomen
_xPsychology.
_919420
650 0 _aWomen and psychoanalysis.
_919421
650 0 _aFemininity (Philosophy)
_919422
650 0 _aSex (Psychology)
_919423
906 _a7
_bcbc
_corignew
_d1
_eocip
_f19
_gy-gencatlg
942 _2lcc
_cMONOGRAPH
999 _c123270
_d123270